All League of Legends Champions by Ultimates - Statistics

General Stats
  • This quiz has been taken 210 times
    48 since last reset
  • The average score is 104 of 168
Answer Stats
Region Ultimate Champion % Correct
Piltover Ace in the Hole Caitlyn
86%
Demacia Demacian Justice Garen
84%
Freljord Glacial Prison Sejuani
84%
Bilgewater Bullet Time Miss Fortune
81%
Shurima Dominus Renekton
81%
Piltover Assault and Battery Vi
81%
Ionia Death Mark Zed
81%
Shurima Curse of the Sad Mummy Amumu
78%
Zaun Chronobreak Ekko
78%
Demacia Hero's Entrance Galio
78%
Freljord GNAR! Gnar
78%
Ionia Daisy! Ivern
78%
Ionia Dragon's Rage Lee Sin
78%
Piltover Command: Shockwave Orianna
78%
Freljord Enchanted Crystal Arrow Ashe
76%
Shurima Emperor's Divide Azir
76%
Noxus Noxian Guillotine Darius
76%
Runeterra Crowstorm Fiddlesticks
76%
Bilgewater Cannon Barrage Gangplank
76%
Zaun Monsoon Janna
76%
Ionia Curtain Call Jhin
76%
Freljord Absolute Zero Nunu & Willump
76%
Freljord Call of the Forge God Ornn
76%
Bilgewater Death from Below Pyke
76%
Demacia Hijack Sylas
76%
Void Feast Cho'Gath
73%
Void Killer Instinct Kai'Sa
73%
Demacia Divine Judgment Kayle
73%
Demacia Final Spark Lux
73%
Runeterra Paranoia Nocturne
73%
Bandle City Buster Shot Tristana
73%
Piltover Chronoshift Zilean
73%
Bilgewater Chum the Waters Fizz
70%
Ionia Vanguard's Edge Irelia
70%
Noxus Mimic LeBlanc
70%
Freljord Frozen Tomb Lissandra
70%
Shadow Isles Realm of Death Mordekaiser
70%
Shurima Fury of the Sands Nasus
70%
Ixtal Aspect of the Cougar Nidalee
70%
Zaun Insanity Potion Singed
70%
Noxus Demonflare Swain
70%
Bilgewater Destiny Twisted Fate
70%
Noxus Hemoplague Vladimir
70%
Ionia Featherstorm Xayah
70%
Ionia Fate Sealed Yone
70%
Mt. Targon Portal Jump Zoe
70%
Runeterra World Ender Aatrox
68%
Freljord Glacial Storm Anivia
68%
Demacia Grand Challenge Fiora
68%
Demacia Cataclysm Jarvan IV
68%
Runeterra Grandmaster's Might Jax
68%
Zaun Super Mega Death Rocket! Jinx
68%
Void Void Assault Kha'Zix
68%
Noxus Chaaaaaaaarge!!! Kled
68%
Demacia Soul Shackles Morgana
68%
Noxus Blade of the Exile Riven
68%
Runeterra Hallucinate Shaco
68%
Demacia Dragon's Descent Shyvana
68%
Demacia Crescendo Sona
68%
Bandle City Noxious Trap Teemo
68%
Freljord Undying Rage Tryndamere
68%
Shadow Isles Heartbreaker Viego
68%
Zaun Chaos Storm Viktor
68%
Ionia Last Breath Yasuo
68%
Ionia Perfect Executuion Akali
65%
Runeterra Summon: Tibbers Annie
65%
Mt. Targon Voice of Light Aurelion Sol
65%
Void Endless Banquet Bel'Veth
65%
Piltover The Hextech Ultimatum Camille
65%
Bilgewater Collateral Damage Graves
65%
Shadow Isles Fate's Call Kalista
65%
Noxus Death Lotus Katarina
65%
Runeterra Lamb's Respite Kindred
65%
Mt. Targon Solar Flare Leona
65%
Piltover Encore Seraphine
65%
Runeterra MMOOOMMMM! Smolder
65%
Shadow Isles The Box Thresh
65%
Zaun Fear Beyond Death Urgot
65%
Bandle City Final Chapter Yuumi
65%
Freljord Glacial Fissure Braum
62%
Mt. Targon Moonfall Diana
62%
Shadow Isles Spider Form Elise
62%
Shadow Isles Needlework Gwen
62%
Piltover UPGRADE!!! Heimerdinger
62%
Void Void Rush Rek'Sai
62%
Zaun Hostile Takeover Renata Glasc
62%
Bandle City The Equalizer Rumble
62%
Noxus Unstoppable Onslaught Sion
62%
Mt. Targon Wish Soraka
62%
Mt. Targon Cosmic Radiance Taric
62%
Freljord Phoenix Stance Udyr
62%
Ionia Chain of Corruption Varus
62%
Zaun Infinite Duress Warwick
62%
Zaun Lightning Crash Zeri
62%
Ionia Spirit Rush Ahri
59%
Mount Targon Moonlight Vigil Aphelios
59%
Runeterra Last Caress Evelynn
59%
Piltover Trueshot Barrage Ezreal
59%
Bandle City Wild Growth Lulu
59%
Shurima The Call of thePack Naafiri
59%
Freljord Ragnarok Olaf
59%
Ixtal Supreme Display of Talent Qiyana
59%
Ionia The Quickness Rakan
59%
Ixtal Thrill of the Hunt Rengar
59%
Shurima Impale Skarner
59%
Zaun Let's Bounce! Zac
59%
Zaun Mega Inferno Bomb Ziggs
59%
Shurima Comeuppance Akshan
57%
Noxus Petrifying Gaze Cassiopeia
57%
Shadow Isles Onslaught of Shadows Hecarim
57%
Piltover Transform Mercury Cannon Jayce
57%
Shurima All Out K'Sante
57%
Void Nether Grasp Malzahar
57%
Ionia Highlander Master Yi
57%
Runeterra Tidal Wave Nami
57%
Ixtal Pop Blossom Neeko
57%
Mt. Targon Grand Starfall Pantheon
57%
Demacia Keeper's Verdict Poppy
57%
Demacia Skystrike Quinn
57%
Void Life Form Disintegration Ray Vel'Koz
57%
Freljord Between Worlds Aurora
54%
Bandle City Missile Barrage Corki
54%
Freljord Explosive Cask Gragas
54%
Bilgewater Leap of Faith Illaoi
54%
Ionia Umbral Trespass Kayn
54%
Ionia Stand United Shen
54%
Shurima Weaver's Wall Taliyah
54%
Freljord Subjugate Trundle
54%
Demacia Final Hour Vayne
54%
Shadow Isles Eulogy of the Isles Yorick
54%
Ixtal Stranglethorns Zyra
54%
Zaun Static Field Blitzcrank
51%
Runeterra Pyroclasm Brand
51%
Ionia Mantra Karma
51%
Shadow Isles Requiem Karthus
51%
Void Riftwalk Kassadin
51%
Ionia Slicing Maelstrom Kennen
51%
Demacia The Culling Lucian
51%
Shadow Isles Nature's Grasp Maokai
51%
Bilgewater Depth Charge Nautilus
51%
Noxus Inferno Trigger Samira
51%
Runeterra Abyssal Voyage Tahm Kench
51%
Noxus Shadow Assault Talon
51%
Freljord Stormbringer Volibear
51%
Runeterra Tempered Fate Bard
49%
Noxus Whirling Death Draven
49%
Zaun Sadism Dr. Mundo
49%
Void Living Artillery Kog'Maw
49%
Ionia Lilting Lullaby Lillia
49%
Runeterra Realm Warp Ryze
49%
Shurima On the Hunt Sivir
49%
Shurima Rite of the Arcane Xerath
49%
Demacia Crescent Guard Xin Zhao
49%
Noxus Certain Death Briar
46%
Ixtal Unstoppable Force Malphite
46%
Noxus Magnet Storm Rell
46%
Ionia The Show Stopper Sett
46%
Zaun Spray and Pray Twitch
46%
Runeterra Dawning Shadow Senna
43%
Ionia Unleashed Power Syndra
43%
Shurima Tremors Rammus
41%
Bandle City Primordial Burstigar Veigar
41%
Ionia Cyclone Wukong
41%
Ixtal Breath of Life Milio
38%
Bilgewater Apotheosis Nilah
38%
Ionia Spiraling Despair Hwei
35%
Shadow Isles Shadow Surge Vex
30%
Runeterra Unbreakable Will Alistar
27%
No matching quizzes found
Score Distribution
Percent of People with Each Score
Percentile by Number Answered
Your Score History
You have not taken this quiz since the last reset